[Event "Champ FRA - Under 12"]
[Site "Europe Echecs"]
[Date "2020.07.08"]
[Round "9"]
[White "NegreMaxime"]
[Black "GuertonDimitri"]
[Result "0-1"]
[WhiteElo "1105"]
[BlackElo "1334"]
[PlyCount "104"]
[EventDate "2020.??.??"]

1. e4 c6 2. d4 d5 3. e5 Bf5 4. Nf3 e6 5. c3 c5 6. Bd3 Bxd3 7. Qxd3 Nc6 8. Be3
c4 9. Qc2 Be7 10. O-O f6 11. exf6 Nxf6 12. Nbd2 O-O 13. h3 Bd6 14. Rfe1 Qb6 15.
Re2 Rae8 16. Bg5 Nh5 17. Rae1 h6 18. Bh4 Nf4 19. Re3 Nd3 20. b3 Nxe1 21. Rxe1
cxb3 22. axb3 e5 23. dxe5 Nxe5 24. Nxe5 Bxe5 25. Nf3 Bd6 26. Rd1 Qc6 27. Qd3
Re6 28. Qxd5 Qxd5 29. Rxd5 Rfe8 30. g3 g5 31. Bxg5 hxg5 32. Nxg5 Rg6 33. h4 Be7
34. Re5 Rg7 35. Ne4 Kf8 36. Rf5+ Rf7 37. Rh5 Kg7 38. Re5 Rd8 39. Rb5 b6 40. Re5
Rd1+ 41. Kg2 Rd7 42. g4 Bf6 43. Rf5 Bd8 44. f3 Rxf5 45. gxf5 Bxh4 46. Kh3 Bf6
47. Kg4 Rc7 48. c4 Rd7 49. b4 Rd4 50. c5 Rxb4 51. cxb6 axb6 52. Kg3 b5 {
NegreMaxime a abandonné} 0-1

[Event "Champ FRA - Under 12"]
[Site "Europe Echecs"]
[Date "2020.07.08"]
[Round "9"]
[White "ScoupeLuca"]
[Black "ReymannNathan"]
[Result "0-1"]
[WhiteElo "1095"]
[BlackElo "1330"]
[PlyCount "122"]
[EventDate "2020.??.??"]

1. d4 d5 2. c4 e6 3. Nc3 Bb4 4. Nf3 Nf6 5. Qc2 c6 6. Bg5 h6 7. Bh4 dxc4 8. e3
b5 9. a3 Bxc3+ 10. Qxc3 Bb7 11. a4 a6 12. Be2 Nbd7 13. O-O O-O 14. Qb4 Qc7 15.
Bg3 Qc8 16. Rfc1 Nd5 17. Qd2 N7f6 18. Bd6 Rd8 19. Bc5 Ne4 20. Qe1 Nxc5 21. dxc5
Qd7 22. axb5 cxb5 23. e4 Nf4 24. Rd1 Nxe2+ 25. Qxe2 Qc7 26. Rxd8+ Rxd8 27. Qe3
Rc8 28. b4 Qc6 29. Ne5 Qxe4 30. Qxe4 Bxe4 31. Rxa6 Rd8 32. h3 c3 33. Ra3 c2 34.
Rc3 Rd1+ 35. Kh2 c1=Q 36. Rxc1 Rxc1 37. c6 Rxc6 38. Nxc6 Bxc6 39. Kg3 Kf8 40.
Kf4 Ke7 41. Ke5 f6+ 42. Kd4 Kd6 43. g3 Bg2 44. h4 g6 45. f4 f5 46. Kc3 e5 47.
fxe5+ Kxe5 48. Kd3 f4 49. gxf4+ Kxf4 50. Kd4 Kg4 51. Kc5 Bf1 52. Kd5 Kxh4 53.
Ke4 g5 54. Kf3 g4+ 55. Kf2 Bc4 56. Kg1 Kg3 57. Kh1 h5 58. Kg1 h4 59. Kh1 h3 60.
Kg1 h2+ 61. Kh1 Bd5# {ScoupeLuca est échec et mat} 0-1

[Event "Champ FRA - Under 12"]
[Site "Europe Echecs"]
[Date "2020.07.08"]
[Round "9"]
[White "DebbicheIdriss"]
[Black "ParalieuEmma"]
[Result "0-1"]
[WhiteElo "1065"]
[BlackElo "1312"]
[PlyCount "74"]
[EventDate "2020.??.??"]

1. Nf3 d5 2. g3 Nf6 3. Bg2 c6 4. O-O Bf5 5. d3 Nbd7 6. Nc3 e5 7. Bg5 Bc5 8. a3
O-O 9. b4 Bb6 10. Rb1 h6 11. Bxf6 Qxf6 12. e4 dxe4 13. dxe4 Be6 14. b5 cxb5 15.
Nxb5 Rad8 16. Nd6 Nc5 17. Qd2 Qe7 18. Rfd1 Nxe4 19. Qe2 Nxd6 20. Nxe5 Qf6 21.
Rf1 Rfe8 22. Rbd1 Ba2 23. c3 Rxe5 24. Qxa2 Ree8 25. Rd3 Qf5 26. Rfd1 Re1+ 27.
Rxe1 Qxd3 28. Re7 Qd1+ 29. Bf1 Rf8 30. Kg2 Bc5 31. Bc4 Nxc4 32. Rc7 Qd5+ 33.
Kg1 Re8 34. Qb1 Nd2 35. Qc1 Nf3+ 36. Kg2 Ne1+ 37. Kh3 Qh5# {DebbicheIdriss est
échec et mat} 0-1

[Event "Champ FRA - Under 12"]
[Site "Europe Echecs"]
[Date "2020.07.08"]
[Round "9"]
[White "SanguinettiEdo"]
[Black "GrallKewan"]
[Result "1-0"]
[WhiteElo "1312"]
[BlackElo "1054"]
[PlyCount "83"]
[EventDate "2020.??.??"]

1. c4 e5 2. g3 Bc5 3. Bg2 Nf6 4. Nf3 c6 5. Nc3 d5 6. cxd5 cxd5 7. d3 Nc6 8. O-O
O-O 9. Qc2 Bf5 10. e4 dxe4 11. dxe4 Be6 12. Nd5 Nxd5 13. exd5 Bxd5 14. Qxc5 b6
15. Qc2 Nb4 16. Qc3 a5 17. Qxe5 Re8 18. Qc3 Rc8 19. Qd2 Nc2 20. Rb1 Nb4 21. a3
Be4 22. Ra1 Nc2 23. Ra2 Bd5 24. b3 Bxb3 25. Qxd8 Rexd8 26. Rb2 Ba4 27. Rxb6
Nxa3 28. Bxa3 Bd1 29. Rb1 Be2 30. Rfe1 Bd3 31. Rbd1 a4 32. Be7 Rd7 33. Bh3 Rd5
34. Bxc8 h6 35. Re3 Ra5 36. Rdxd3 Rb5 37. Ra3 Rb1+ 38. Kg2 Rb5 39. Rxa4 Rb8 40.
Bf5 Re8 41. Ba3 Rf8 42. Bxf8 {GrallKewan a abandonné} 1-0

[Event "Champ FRA - Under 12"]
[Site "Europe Echecs"]
[Date "2020.07.08"]
[Round "9"]
[White "CavillotDelest"]
[Black "FlagielloFranc"]
[Result "0-1"]
[WhiteElo "1063"]
[BlackElo "1293"]
[PlyCount "106"]
[EventDate "2020.??.??"]

1. e4 e5 2. Nf3 Nc6 3. Bc4 Nf6 4. Nc3 Nxe4 5. Nxe4 d5 6. Bb5 dxe4 7. Nxe5 Qd5
8. Nxc6 bxc6 9. c4 Qd6 10. Ba4 Bd7 11. O-O Be7 12. Re1 f5 13. b3 Bf6 14. Rb1
Qd3 15. Re3 Qxb1 16. d3 Bb2 17. dxe4 Qxc1 18. exf5+ Kd8 19. Qxc1 Bxc1 20. Rd3
Ke7 21. Rd1 Bh6 22. Re1+ Kf6 23. g4 Rhe8 24. Rd1 Rad8 25. b4 Re7 26. h4 Bf4 27.
g5+ Kxf5 28. Bc2+ Kg4 29. f3+ Kxh4 30. Rd4 Kxg5 31. Bxh7 Be3+ 32. Kg2 Bxd4 33.
Be4 Rxe4 34. fxe4 c5 35. bxc5 Bxc5 36. Kf3 Bc6 37. a4 Re8 38. a5 Bxe4+ 39. Ke2
Bd5+ 40. Kd2 Bxc4 41. Kc3 Ba6 42. Kd2 Be3+ 43. Ke1 Kf4 44. Kd1 Bd2 45. Kc2 g5
46. Kd1 g4 47. Kc2 g3 48. Kd1 g2 49. Kc2 g1=Q 50. Kb2 Qc1+ 51. Kb3 Qc3+ 52. Ka2
Bc4+ 53. Kb1 Qc1# {CavillotDelest est échec et mat} 0-1

[Event "Champ FRA - Under 12"]
[Site "Europe Echecs"]
[Date "2020.07.08"]
[Round "9"]
[White "SamorukovEgor"]
[Black "VarinTimeo"]
[Result "1-0"]
[WhiteElo "1060"]
[BlackElo "1287"]
[PlyCount "51"]
[EventDate "2020.??.??"]

1. e4 e5 2. Nf3 Nc6 3. Bc4 Nf6 4. d4 exd4 5. O-O Bc5 6. Bg5 d6 7. Re1 O-O 8. c3
dxc3 9. Nxc3 Be6 10. Bxe6 fxe6 11. e5 d5 12. exf6 gxf6 13. Bh6 Re8 14. Nd4 Qd7
15. Qg4+ Kh8 16. Nxe6 Rg8 17. Qf5 Rg6 18. Qf3 Rxh6 19. Nxc5 Qd6 20. Qg3 Qxc5
21. Qf4 Rg6 22. Qxc7 Rag8 23. g3 R6g7 24. Qf4 Qd4 25. Qf3 Ne5 26. Qxf6 {
VarinTimeo a perdu au temps} 1-0

[Event "Champ FRA - Under 12"]
[Site "Europe Echecs"]
[Date "2020.07.08"]
[Round "9"]
[White "MenceEline"]
[Black "TureshbayevAno"]
[Result "1/2-1/2"]
[WhiteElo "1264"]
[BlackElo "799"]
[PlyCount "135"]
[EventDate "2020.??.??"]

1. d4 d5 2. Bf4 Nc6 3. e3 Bf5 4. c3 e6 5. Nf3 Bd6 6. Bg3 Bxg3 7. hxg3 Nf6 8.
Bb5 Qd6 9. Ne5 Nd7 10. Qa4 Ndxe5 11. dxe5 Qc5 12. Nd2 a6 13. Bxc6+ Qxc6 14.
Qxc6+ bxc6 15. b4 O-O 16. Nb3 Be4 17. f3 Bg6 18. Nd4 Rab8 19. Nxc6 Rb6 20. Nd4
Rfb8 21. O-O Bd3 22. Rfd1 Bc4 23. a3 h6 24. Rab1 c5 25. Nb3 cxb4 26. axb4 Bxb3
27. Rxb3 a5 28. Rdb1 axb4 29. Rxb4 Rxb4 30. cxb4 Kf8 31. Kf2 Ke7 32. Ke2 Kd7
33. Kd3 Kc6 34. e4 dxe4+ 35. Kxe4 Kb5 36. Kd4 Rc8 37. Ke3 Rc4 38. f4 Rxb4 39.
Rxb4+ Kxb4 40. Ke4 Kc4 41. f5 exf5+ 42. Kxf5 Kd5 43. g4 Kd4 44. e6 fxe6+ 45.
Kxe6 Ke4 46. Kf7 g5 47. Kg6 Kf4 48. Kxh6 Kxg4 49. Kg6 Kh4 50. Kf5 g4 51. Kf4 g3
52. Kf3 Kh5 53. Kf4 Kh4 54. Kf3 Kh5 55. Kxg3 Kg5 56. Kf3 Kf5 57. g3 Kg5 58. g4
Kg6 59. Kf4 Kf6 60. g5+ Kg6 61. Kg4 Kf7 62. Kf5 Kg7 63. g6 Kg8 64. Kg5 Kg7 65.
Kf5 Kg8 66. Kf6 Kf8 67. g7+ Kg8 68. Kg6 {Nulle par pat} 1/2-1/2

[Event "Champ FRA - Under 12"]
[Site "Europe Echecs"]
[Date "2020.07.08"]
[Round "9"]
[White "LamarreArmand"]
[Black "GuerinSasha"]
[Result "1/2-1/2"]
[WhiteElo "1449"]
[BlackElo "1236"]
[PlyCount "169"]
[EventDate "2020.??.??"]

1. e4 e6 2. d4 d5 3. Nc3 dxe4 4. Nxe4 Nd7 5. Nf3 Ngf6 6. Bg5 Be7 7. Bxf6 Nxf6
8. c3 Nxe4 9. d5 Qxd5 10. Qxd5 exd5 11. O-O-O c6 12. Rg1 Nxf2 13. Rd2 Ne4 14.
Rd1 Bg5+ 15. Nxg5 Nxg5 16. Re1+ Ne6 17. Bd3 O-O 18. g4 Ng5 19. Rg3 Ne4 20. Bxe4
dxe4 21. Rxe4 Be6 22. b3 Rfe8 23. Rb4 b5 24. g5 a5 25. Rd4 Rad8 26. Rgd3 Rxd4
27. Rxd4 h6 28. gxh6 gxh6 29. Kd2 Kh7 30. Rd6 Bd5 31. Kd3 Re6 32. Rd7 Be4+ 33.
Kd4 Bg6 34. Kc5 Kg7 35. Kb6 a4 36. bxa4 bxa4 37. Ka5 Bc2 38. Rd2 Bg6 39. Kxa4
Re4+ 40. Ka5 h5 41. Kb6 Re6 42. a4 f6 43. a5 c5+ 44. Kxc5 Re8 45. Kb6 Ra8 46.
c4 Be4 47. c5 Kg6 48. c6 Bxc6 49. Kxc6 Rxa5 50. Rg2+ Kh6 51. Kd6 Ra6+ 52. Kd5
Ra5+ 53. Ke6 f5 54. Rg8 Kh7 55. Rg5 Ra6+ 56. Kxf5 Ra5+ 57. Kf6 Ra6+ 58. Kf5
Ra5+ 59. Kf4 Ra4+ 60. Kg3 Kh6 61. Rb5 Ra3+ 62. Kf4 Ra4+ 63. Kf5 Rg4 64. Rb6+
Kh7 65. Rb7+ Rg7 66. Rxg7+ Kxg7 67. Kg5 h4 68. Kxh4 Kh6 69. Kg4 Kg6 70. Kh4 Kh6
71. h3 Kg6 72. Kg4 Kh6 73. Kf3 Kh5 74. Kg3 Kh6 75. Kg4 Kg6 76. Kh4 Kh6 77. Kg4
Kg6 78. h4 Kh6 79. h5 Kh7 80. Kg5 Kg7 81. h6+ Kh7 82. Kh5 Kh8 83. Kg6 Kg8 84.
h7+ Kh8 85. Kh6 {Nulle par pat} 1/2-1/2

[Event "Champ FRA - Under 12"]
[Site "Europe Echecs"]
[Date "2020.07.08"]
[Round "9"]
[White "LamagaSacha"]
[Black "BillmannAlexan"]
[Result "1-0"]
[WhiteElo "1430"]
[BlackElo "1229"]
[PlyCount "67"]
[EventDate "2020.??.??"]

1. e4 e6 2. d4 d5 3. e5 c5 4. c3 Nc6 5. Nf3 f6 6. exf6 Nxf6 7. Bb5 Bd7 8. dxc5
Bxc5 9. O-O a6 10. Be2 O-O 11. Nbd2 Qb6 12. b3 Rae8 13. Bb2 e5 14. c4 dxc4 15.
Nxc4 Qc7 16. Bxe5 Nxe5 17. Nfxe5 Bd6 18. Nxd7 Bxh2+ 19. Kh1 Nxd7 20. g3 Bxg3
21. fxg3 Qxg3 22. Qxd7 Qh3+ 23. Qxh3 Rxe2 24. Rxf8+ Kxf8 25. Rf1+ Ke7 26. Qh4+
Ke8 27. Qh5+ g6 28. Qxe2+ Kd7 29. Rd1+ Kc8 30. Qe8+ Kc7 31. Qd7+ Kb8 32. Qd8+
Ka7 33. Qb6+ Ka8 34. Rd8# {BillmannAlexan est échec et mat} 1-0

[Event "Champ FRA - Under 12"]
[Site "Europe Echecs"]
[Date "2020.07.08"]
[Round "9"]
[White "BaciuConstanti"]
[Black "FaidiSami"]
[Result "0-1"]
[WhiteElo "1191"]
[BlackElo "1394"]
[PlyCount "38"]
[EventDate "2020.??.??"]

1. e4 e5 2. Nf3 Nc6 3. Nc3 Nf6 4. Bb5 Bc5 5. Bxc6 dxc6 6. Nxe5 Qd4 7. Nd3 Bb6
8. O-O Bg4 9. Qe1 O-O-O 10. Nf4 Qe5 11. d3 g5 12. Nfe2 h5 13. h3 Bxe2 14. Qxe2
g4 15. g3 Qxg3+ 16. Kh1 Qxh3+ 17. Kg1 g3 18. Rd1 Qh2+ 19. Kf1 Qh1# {
BaciuConstanti est échec et mat} 0-1

[Event "Champ FRA - Under 12"]
[Site "Europe Echecs"]
[Date "2020.07.08"]
[Round "9"]
[White "PalmasAdriana"]
[Black "BuchlinAlexis"]
[Result "0-1"]
[WhiteElo "1380"]
[BlackElo "1191"]
[PlyCount "88"]
[EventDate "2020.??.??"]

1. e4 e5 2. Nf3 Nc6 3. Bc4 Bc5 4. c3 Nf6 5. d3 d6 6. O-O Be6 7. Bb5 Bd7 8. b4
Bb6 9. a4 a6 10. a5 Ba7 11. Re1 O-O 12. d4 exd4 13. cxd4 Re8 14. Bd3 Nxd4 15.
Bg5 Bg4 16. Be2 Rxe4 17. h3 Bxf3 18. Bxf3 Nxf3+ 19. Qxf3 Rxe1+ 20. Kh2 Qe7 21.
Qxb7 Re8 22. Qxa7 Qe5+ 23. f4 Qxa1 24. Nd2 Rh1+ 25. Kg3 Re3+ 26. Kh4 h6 27.
Qb8+ Kh7 28. Bxf6 gxf6 29. Qxc7 Kg6 30. f5+ Kxf5 31. Qd7+ Kg6 32. Qg4+ Kh7 33.
Qf5+ Kg7 34. Qg4+ Kf8 35. Qc8+ Ke7 36. Qc7+ Ke6 37. Qc4+ Kf5 38. Qg4+ Ke5 39.
Qh5+ Ke6 40. Qg4+ f5 41. Qc4+ Kf6 42. Qd4+ Qxd4+ 43. Kh5 Rexh3+ 44. gxh3 Rxh3#
{PalmasAdriana est échec et mat} 0-1

[Event "Champ FRA - Under 12"]
[Site "Europe Echecs"]
[Date "2020.07.08"]
[Round "9"]
[White "RosuAndrei"]
[Black "PerezRaphael"]
[Result "0-1"]
[WhiteElo "1342"]
[BlackElo "1190"]
[PlyCount "88"]
[EventDate "2020.??.??"]

1. e4 e6 2. d4 d5 3. e5 c5 4. c3 Nc6 5. Nf3 Qb6 6. Be3 Nge7 7. Qb3 Qxb3 8. axb3
Nf5 9. Bb5 cxd4 10. cxd4 Bd7 11. Nc3 Bb4 12. O-O Nxe3 13. fxe3 O-O 14. Na4 a6
15. Bd3 Na5 16. Nc5 Bxc5 17. Rxa5 Bb4 18. Raa1 Rfc8 19. Rfc1 Rc6 20. Ra4 Rxc1+
21. Kf2 Bxa4 22. bxa4 Rac8 23. b3 Rb1 24. Bxb1 Rc3 25. Ng5 Rxb3 26. Bxh7+ Kh8
27. Kf3 f6 28. exf6 gxf6 29. Nxe6 Kxh7 30. Nc7 Bd6 31. Nxd5 Bxh2 32. Nxf6+ Kg6
33. Ng4 b5 34. axb5 Rxb5 35. Nxh2 a5 36. Ke2 a4 37. Kd2 a3 38. Kc2 a2 39. Kc3
a1=Q+ 40. Kc4 Qa4+ 41. Kd3 Kf5 42. g4+ Kg5 43. Ke4 Qc2+ 44. Kf3 Qxh2 {
RosuAndrei a abandonné} 0-1

[Event "Champ FRA - Under 12"]
[Site "Europe Echecs"]
[Date "2020.07.08"]
[Round "9"]
[White "DeNaveJulien"]
[Black "RakotomamonjyL"]
[Result "0-1"]
[WhiteElo "1177"]
[BlackElo "1310"]
[PlyCount "59"]
[EventDate "2020.??.??"]

1. e4 e5 2. Nf3 Nc6 3. Bc4 Nf6 4. d3 h6 5. c3 Bc5 6. a4 a6 7. O-O d6 8. h3 Be6
9. Bxe6 fxe6 10. Be3 Bb6 11. Bxb6 cxb6 12. Nbd2 O-O 13. Qc2 d5 14. exd5 exd5
15. d4 e4 16. Ne1 Nh5 17. Qd1 Qg5 18. f3 e3 19. Nb3 Nf4 20. Qc1 Ne2+ 21. Kh1
Nxc1 22. Rxc1 Rae8 23. Nc2 e2 24. Rfe1 Ne7 25. Rxe2 Nf5 26. Rxe8 Rxe8 27. Rd1
Nh4 28. Rg1 Re2 29. g4 Nxf3 30. Rf1 {DeNaveJulien a abandonné} 0-1

[Event "Champ FRA - Under 12"]
[Site "Europe Echecs"]
[Date "2020.07.08"]
[Round "9"]
[White "LarioumlilWass"]
[Black "LeCamRaphael"]
[Result "1-0"]
[WhiteElo "1295"]
[BlackElo "1180"]
[PlyCount "51"]
[EventDate "2020.??.??"]

1. e4 e6 2. d4 d5 3. e5 Bc5 4. dxc5 Na6 5. Be3 Qh4 6. Nf3 Qb4+ 7. Nc3 Nxc5 8.
Bd2 Ne4 9. a3 Nxc3 10. axb4 Nxd1 11. Rxd1 f6 12. Bf4 fxe5 13. Bxe5 Ne7 14. g3
O-O 15. Bg2 Nf5 16. O-O Nd6 17. c3 b6 18. Rfe1 Nc4 19. b3 Nxe5 20. Nxe5 Ba6 21.
Nc6 Bb5 22. Nd4 Bd7 23. Nxe6 Bxe6 24. Rxe6 Rfd8 25. Bxd5 Rab8 26. Re8# {
LeCamRaphael est échec et mat} 1-0

[Event "Champ FRA - Under 12"]
[Site "Europe Echecs"]
[Date "2020.07.08"]
[Round "9"]
[White "HamdadMounir"]
[Black "GreisslerRapha"]
[Result "0-1"]
[WhiteElo "1167"]
[BlackElo "1285"]
[PlyCount "46"]
[EventDate "2020.??.??"]

1. e4 c5 2. Nf3 Nc6 3. d4 cxd4 4. Nxd4 Nf6 5. Nc3 d6 6. Bc4 e6 7. O-O a6 8. Be3
Be7 9. Qf3 Qc7 10. Qg3 Nxd4 11. Bxd4 Qxc4 12. Be3 O-O 13. Bh6 Nh5 14. Qg4 Kh8
15. Qxh5 gxh6 16. Qxh6 Rg8 17. f4 b5 18. f5 exf5 19. exf5 Bb7 20. f6 Rxg2+ 21.
Kh1 Rgg8+ 22. Nd5 Bxd5+ 23. Rf3 Bxf3# {HamdadMounir est échec et mat} 0-1

[Event "Champ FRA - Under 12"]
[Site "Europe Echecs"]
[Date "2020.07.08"]
[Round "9"]
[White "BiondiAntonin"]
[Black "DoucetPierreAl"]
[Result "0-1"]
[WhiteElo "1280"]
[BlackElo "1177"]
[PlyCount "84"]
[EventDate "2020.??.??"]

1. Nf3 Nf6 2. Nc3 e6 3. e3 b6 4. d4 Bb7 5. Bc4 Bb4 6. Bd2 O-O 7. a3 Be7 8. Qe2
d5 9. Bd3 Ne4 10. O-O-O Nxd2 11. Qxd2 Nd7 12. Nb5 a6 13. Nc3 Nf6 14. e4 dxe4
15. Nxe4 Nxe4 16. Rhe1 Nxd2 17. Nxd2 Bf3 18. Nxf3 Bg5+ 19. Kb1 Bf6 20. Be4 Rb8
21. Ne5 Bxe5 22. dxe5 Qh4 23. Rh1 Qxe4 24. Rde1 Qxg2 25. Reg1 Qxf2 26. Rf1 Qc5
27. Rhg1 Qxe5 28. Rf2 Qe3 29. Rfg2 g6 30. h4 Rbd8 31. h5 Rd4 32. hxg6 fxg6 33.
Rh1 Rf2 34. Rgh2 Rxh2 35. Rxh2 Qg1+ 36. Ka2 Qxh2 37. c3 Rd3 38. Kb3 Qd2 39. Ka2
Rxc3 40. a4 Qc2 41. Ka1 Rb3 42. a5 Qxb2# {BiondiAntonin est échec et mat} 0-1

[Event "Champ FRA - Under 12"]
[Site "Europe Echecs"]
[Date "2020.07.08"]
[Round "9"]
[White "LayadiNoha"]
[Black "SalahYanis"]
[Result "0-1"]
[WhiteElo "1280"]
[BlackElo "1148"]
[PlyCount "110"]
[EventDate "2020.??.??"]

1. e4 e5 2. Nf3 Nc6 3. Bc4 Bc5 4. Nc3 Nf6 5. d3 d5 6. exd5 Nb4 7. Bg5 Qd6 8.
Bxf6 Qxf6 9. Qd2 Bg4 10. Qe2 Bxf3 11. Qxf3 Qxf3 12. gxf3 Nxc2+ 13. Kd2 Nxa1 14.
Rg1 O-O 15. Rxa1 Bxf2 16. Rf1 Bd4 17. Nb5 Bxb2 18. Nxc7 Rac8 19. Nb5 a6 20. Nd6
Rcd8 21. Nf5 b5 22. Ne7+ Kh8 23. Bb3 Ba3 24. Nc6 Rc8 25. Nxe5 Bd6 26. Nd7 Rfd8
27. Nb6 Rb8 28. Na4 bxa4 29. Bxa4 Rb2+ 30. Kc1 Rxa2 31. Bb3 Ra1+ 32. Kd2 Rxf1
33. Ke2 Rh1 34. Ke3 Rxh2 35. d4 Re8+ 36. Kd3 Rh3 37. Bd1 Bf4 38. Kc4 Re3 39. d6
Bxd6 40. d5 Rexf3 41. Bxf3 Rxf3 42. Kd4 h5 43. Ke4 h4 44. Kxf3 h3 45. Kf2 h2
46. Kg2 a5 47. Kf2 a4 48. Ke2 h1=Q 49. Kd2 Qxd5+ 50. Ke2 a3 51. Kf2 a2 52. Ke3
a1=Q 53. Ke2 Qae5+ 54. Kf2 Qd2+ 55. Kf3 Qde2# {LayadiNoha est échec et mat}
0-1

[Event "Champ FRA - Under 12"]
[Site "Europe Echecs"]
[Date "2020.07.08"]
[Round "9"]
[White "MartoianSeda"]
[Black "BertLisa"]
[Result "0-1"]
[WhiteElo "1278"]
[BlackElo "1133"]
[PlyCount "120"]
[EventDate "2020.??.??"]

1. e4 e5 2. Nf3 Nc6 3. Bb5 Bc5 4. O-O d6 5. c3 Nf6 6. Re1 O-O 7. d4 exd4 8.
cxd4 Bb6 9. Nc3 Ne7 10. Bg5 Ng6 11. Nd5 h6 12. Nxf6+ gxf6 13. Bxh6 Re8 14. Qd2
Bd7 15. Bc4 Be6 16. Bxe6 Rxe6 17. Qd3 d5 18. e5 fxe5 19. Nxe5 Qf6 20. Nxg6
Rxe1+ 21. Rxe1 Qxg6 22. Qxg6+ fxg6 23. Be3 Re8 24. f3 Bxd4 25. Kf2 Bxe3+ 26.
Rxe3 Kf7 27. Rxe8 Kxe8 28. Ke3 Ke7 29. Kf4 Kf6 30. g4 c5 31. g5+ Kg7 32. Ke5 d4
33. Ke4 b6 34. f4 a5 35. h4 b5 36. a3 a4 37. Kd3 b4 38. h5 gxh5 39. f5 h4 40.
f6+ Kg6 41. axb4 h3 42. Ke2 h2 43. bxc5 h1=Q 44. Kd3 Qd1+ 45. Kc4 Qb3+ 46. Kxd4
Qxb2+ 47. Kd5 Kxg5 48. c6 Qxf6 49. Kc5 Qc3+ 50. Kb6 a3 51. c7 a2 52. Kb7 a1=Q
53. Kb8 Qb1+ 54. Kc8 Qd1 55. Kb8 Qdb3+ 56. Kc8 Qd5 57. Kb8 Qb5+ 58. Kc8 Qbc6
59. Kb8 Qxc7+ 60. Ka8 Q3a5# {MartoianSeda est échec et mat} 0-1

[Event "Champ FRA - Under 12"]
[Site "Europe Echecs"]
[Date "2020.07.08"]
[Round "9"]
[White "KirakosyanEmil"]
[Black "GrisoniEmma"]
[Result "1-0"]
[WhiteElo "1124"]
[BlackElo "1273"]
[PlyCount "57"]
[EventDate "2020.??.??"]

1. e4 c5 2. Nf3 Nc6 3. d4 cxd4 4. Nxd4 d6 5. Nc3 g6 6. Bb5 Bd7 7. Be3 Bg7 8.
O-O Nf6 9. Re1 O-O 10. Qd2 Nxd4 11. Bxd7 Qxd7 12. Bxd4 a6 13. Rad1 Rac8 14. Re2
Ne8 15. Bxg7 Nxg7 16. Nd5 Rc6 17. e5 Rd8 18. Qg5 Kf8 19. Qh4 h5 20. h3 Nf5 21.
Qg5 Ng7 22. Qh6 Kg8 23. Qg5 Kf8 24. Red2 Rc5 25. Qh6 Kg8 26. Qg5 Re8 27. exd6
exd6 28. Nf6+ Kh8 29. Qh6# {GrisoniEmma est échec et mat} 1-0

[Event "Champ FRA - Under 12"]
[Site "Europe Echecs"]
[Date "2020.07.08"]
[Round "9"]
[White "ChalonLouison"]
[Black "LombartRemi"]
[Result "0-1"]
[WhiteElo "1265"]
[BlackElo "1100"]
[PlyCount "44"]
[EventDate "2020.??.??"]

1. e4 e5 2. Nf3 Nc6 3. Bc4 Bc5 4. d3 Nf6 5. Nc3 h6 6. h3 d6 7. Be3 Bxe3 8. fxe3
Be6 9. Bb3 O-O 10. d4 exd4 11. exd4 Bxb3 12. axb3 Re8 13. Qd3 Nb4 14. Qe3 Nxc2+
15. Kd2 Nxe3 16. Kxe3 Qe7 17. Nd2 d5 18. e5 Nd7 19. Nxd5 Qg5+ 20. Kf2 Qxd2+ 21.
Kg3 Rac8 22. Rhe1 Qxd4 {ChalonLouison a abandonné} 0-1

[Event "Champ FRA - Under 12"]
[Site "Europe Echecs"]
[Date "2020.07.08"]
[Round "9"]
[White "DarrortNahia"]
[Black "NoeMilan"]
[Result "1/2-1/2"]
[WhiteElo "1263"]
[BlackElo "1110"]
[PlyCount "79"]
[EventDate "2020.??.??"]

1. e4 e6 2. d4 d5 3. exd5 exd5 4. Nc3 Be6 5. Nf3 Bd6 6. Be3 Ne7 7. h3 O-O 8.
Be2 c6 9. O-O Nd7 10. Re1 Re8 11. Qd2 Nf8 12. Bd3 Bf5 13. Ne2 Qd7 14. Ng3 Bxd3
15. Qxd3 Qc7 16. Nf5 Nxf5 17. Qxf5 f6 18. Qd3 Re7 19. c4 Rae8 20. cxd5 cxd5 21.
Rac1 Qb6 22. b3 Bb4 23. Bd2 Bxd2 24. Qxd2 Rxe1+ 25. Rxe1 Rxe1+ 26. Qxe1 Qe6 27.
Qe3 Kf7 28. Kf1 Qa6+ 29. Qe2 Qa3 30. Kg1 Qc1+ 31. Qe1 Qb2 32. Qd2 Qa1+ 33. Kh2
Ne6 34. Qb4 Qxa2 35. Qxb7+ Kg6 36. Qxd5 Ng5 37. Kg1 Qa1+ 38. Kh2 Nxf3+ 39. Qxf3
Qxd4 40. Qg3+ {Nulle par accord mutuel} 1/2-1/2

[Event "Champ FRA - Under 12"]
[Site "Europe Echecs"]
[Date "2020.07.08"]
[Round "9"]
[White "ClaverieGabrie"]
[Black "OstrovskiyVova"]
[Result "0-1"]
[WhiteElo "1069"]
[BlackElo "1260"]
[PlyCount "40"]
[EventDate "2020.??.??"]

1. e4 e5 2. Nf3 Nf6 3. Nxe5 Qe7 4. Nf3 Nxe4 5. d4 Nc3+ 6. Be3 Nxd1 7. Kxd1 Nc6
8. d5 Nb4 9. Nc3 c6 10. dxc6 dxc6 11. Bc4 Bf5 12. Bd3 Bxd3 13. cxd3 Rd8 14. d4
c5 15. Re1 cxd4 16. Bg5 dxc3+ 17. Kc1 Nd3+ 18. Kc2 Nxe1+ 19. Kxc3 Rc8+ 20. Kb3
Qb4# {ClaverieGabrie est échec et mat} 0-1

[Event "Champ FRA - Under 12"]
[Site "Europe Echecs"]
[Date "2020.07.08"]
[Round "9"]
[White "SabeFlavio"]
[Black "AvcharovLevon"]
[Result "1-0"]
[WhiteElo "1259"]
[BlackElo "1075"]
[PlyCount "22"]
[EventDate "2020.??.??"]

1. d4 f5 2. Nc3 e6 3. e3 Nf6 4. Bd2 d5 5. Bd3 Bd6 6. Nf3 Nc6 7. O-O b6 8. Bb5
Bb7 9. Ne5 Qd7 10. Nxd7 Nxd7 11. Bxc6 Bxc6 {AvcharovLevon a abandonné} 1-0

[Event "Champ FRA - Under 12"]
[Site "Europe Echecs"]
[Date "2020.07.08"]
[Round "9"]
[White "ClaveriePaul"]
[Black "TroadecMelusin"]
[Result "0-1"]
[WhiteElo "1041"]
[BlackElo "1251"]
[PlyCount "84"]
[EventDate "2020.??.??"]

1. e4 e5 2. Nf3 Nc6 3. Bb5 Nd4 4. Nxd4 exd4 5. O-O a6 6. Ba4 b5 7. Bb3 Bb7 8.
Qf3 Nf6 9. c3 dxc3 10. Nxc3 Be7 11. d4 b4 12. Ne2 Bxe4 13. Qg3 O-O 14. Bh6 Bg6
15. Be3 Ne4 16. Qh3 c6 17. Rac1 Rc8 18. Bc2 Nf6 19. Bxg6 fxg6 20. Bd2 Ne4 21.
Qe3 d5 22. f3 Bg5 23. Qd3 Nxd2 24. Rfd1 Nxf3+ 25. gxf3 Bxc1 26. Rxc1 Qg5+ 27.
Kf2 Qh4+ 28. Ng3 Qxh2+ 29. Ke3 Qxg3 30. Rf1 Rce8+ 31. Kd2 Qf4+ 32. Kc2 Re3 33.
Qd2 Qf5+ 34. Kc1 Rxf3 35. Re1 Rf1 36. b3 Rxe1+ 37. Qxe1 Qf4+ 38. Kb2 Qxd4+ 39.
Kc2 Qc5+ 40. Kb2 Rf2+ 41. Kb1 Qc2+ 42. Ka1 Qxa2# {ClaveriePaul est échec et
mat} 0-1

[Event "Champ FRA - Under 12"]
[Site "Europe Echecs"]
[Date "2020.07.08"]
[Round "9"]
[White "AlsaiedZeina"]
[Black "YuMatthieu"]
[Result "0-1"]
[WhiteElo "1061"]
[BlackElo "1250"]
[PlyCount "90"]
[EventDate "2020.??.??"]

1. e4 e6 2. d4 d5 3. e5 c5 4. Be3 cxd4 5. Bxd4 Nc6 6. Bc3 Qb6 7. Nf3 Bc5 8. Qe2
d4 9. Bd2 Qxb2 10. Qc4 Qxa1 11. Qxc5 Qxb1+ 12. Ke2 Qb6 13. Qc4 Nge7 14. c3 dxc3
15. Qxc3 O-O 16. Ne1 Nd5 17. Qg3 Nd4+ 18. Kd3 Nf5 19. Qg4 Qb5+ 20. Kc2 Qc5+ 21.
Kd1 Bd7 22. Bd3 Ba4+ 23. Bc2 Bxc2+ 24. Nxc2 Rac8 25. Qe4 Qb6 26. Na3 Qc6 27. g4
Nc3+ 28. Bxc3 Qxe4 29. Re1 Qd3+ 30. Bd2 Qxa3 31. gxf5 exf5 32. f4 Rcd8 33. Re2
Qxa2 34. Ke1 Qb1+ 35. Kf2 Rd3 36. h4 Rfd8 37. Ba5 R8d5 38. Be1 Qb6+ 39. Kg2
Qg6+ 40. Kh2 Qg4 41. Rg2 Qxf4+ 42. Bg3 Rxg3 43. Rxg3 Qxh4+ 44. Rh3 Rd2+ 45. Kg1
Qe1# {AlsaiedZeina est échec et mat} 0-1

[Event "Champ FRA - Under 12"]
[Site "Europe Echecs"]
[Date "2020.07.08"]
[Round "9"]
[White "BonfilsDussaux"]
[Black "DumasGustave"]
[Result "1-0"]
[WhiteElo "1240"]
[BlackElo "999"]
[PlyCount "95"]
[EventDate "2020.??.??"]

1. d4 Nf6 2. c4 g6 3. Nc3 d5 4. cxd5 Nxd5 5. e4 Nxc3 6. bxc3 Bg7 7. Bc4 O-O 8.
Nf3 Nc6 9. O-O Bg4 10. h3 Bxf3 11. Qxf3 Na5 12. Bb3 Nxb3 13. axb3 Rc8 14. Rxa7
Rb8 15. e5 e6 16. Rxb7 Rxb7 17. Qxb7 Qb8 18. Qxb8 Rxb8 19. b4 Kf8 20. Ba3 Ke7
21. f4 f5 22. Rd1 Ra8 23. Bc1 c6 24. Kf2 Ra1 25. g4 fxg4 26. hxg4 h5 27. gxh5
gxh5 28. Rg1 Bh6 29. Be3 Ra2+ 30. Kf3 h4 31. Rg8 h3 32. Rh8 h2 33. Rxh6 Kf7 34.
Bf2 Ra3 35. Rxh2 Rxc3+ 36. Ke4 Rc4 37. Rh7+ Kg6 38. Rb7 Rc2 39. Be3 Rc4 40. b5
cxb5 41. Rxb5 Kf7 42. f5 exf5+ 43. Kxf5 Ke7 44. Bg5+ Kd7 45. d5 Rc2 46. e6+ Ke8
47. Rb8+ Rc8 48. Rxc8# {DumasGustave est échec et mat} 1-0